[Event "Chess Classic"]
[Site "London"]
[Date "2017.12.03"]
[Round "2.2"]
[White "Vachier Lagrave, Maxime"]
[Black "Nakamura, Hikaru"]
[Result "1/2-1/2"]
[WhiteElo "2789"]
[BlackElo "2781"]
[EventDate "2017.??.??"]
[Annotator "Bojkov,Dejan"]
[PlyCount "93"]
[Beauty "5773644017674"]
[EventType "team-tourn"]
[EventCountry "CAN"]

1.e4 c5 2.Nf3 d6 3.d4 cxd4 4.Nxd4 Nf6 5.Nc3 g6 {It is a nice coincidence that the two players who revived the Dragon back in 1995 are in London. One is still playing and the other is a guest of honor. You guessed it right, they are Vishy Anand and Garry Kasparov.The latter used the Dragon as a secret weapon to turn the match into his favor. And Nakamura, who has trained with Kasparov in the past, knows a thing or two about it...} 6.Be3 Bg7 7.f3 O-O 8.Qd2 Nc6 9.Bc4 Bd7 10.h4 h5 11.Bb3 Rc8 12.O-O-O Ne5 13.Bg5 Rc5 14.Kb1 Re8 15.g4 ( {Speaking about Kasparov's influence, here is another game of a player who was working with him:} 15.Bh6 a5 16.a4 Qb6 17.g4 Rxc3 18.bxc3 Nxf3 19.Nxf3 Nxe4 20.Qd3 Nxc3+ 21.Kc1 Bxh6+ 22.Ng5 Bg7 {actually these two are also in London, Karjakin,S (2771)-Carlsen,M (2881) Dubai 2014} ) 15...hxg4 16.f4 Nc4 17.Qd3 Na5 {All theory and now Vachier-Lagrave uncorks a novelty:} 18.Bxf6 $146 ( {The only predecessor saw White quickly messing things up:} 18.h5 Nxh5 19.f5 Nxb3 20.Nxb3 Rxc3 21.bxc3 Qc7 {and getting into a worse position, Misiano,F (2265)-Cacciola,A (2118) Lugano 2015} ) 18...exf6 ( {The point behind White's trade is revealed in the line:} 18...Bxf6 19.e5 dxe5 $4 ( {Better is} 19...Nxb3 20.Nxb3 Bf5 21.Qd4 Rxc3 22.Qxc3 Bg7 23.Nd4 {although White has the advantage here as well.} ) 20.Qxg6+ Kh8 21.Bxf7 {and mate is inevitable.} ) 19.Bd5 {Vachier-Lagrave keeps the strong bishop alive.} ( {The alternative} 19.f5 Nxb3 20.axb3 {also deserves attention.} ) 19...Nc6 20.Nxc6 {Now the speed of the game accelerates to the maximum.} ( {Probably critical is} 20.Ndb5 $5 ) 20...bxc6 ( {Instead} 20...Bxc6 21.f5 Bxd5 22.Nxd5 {is not convincing at all. The dark-squared bishop is locked in prison and White can attack comfortably.} ) 21.Bxf7+ ( {No time to retreat.} 21.Bb3 Bf8 ) 21...Kxf7 22.Qxd6 Rxc3 $1 {Liquidates into a rook endgame.} ( {Also interesting was} 22...Rh5 23.Qxd7+ Qxd7 24.Rxd7+ Kf8 ) 23.Qxd7+ Qxd7 24.Rxd7+ Ke6 ( {But not} 24...Re7 25.Rxe7+ Kxe7 26.bxc3 {when Black does not have enough for the exchange.} ) 25.Rxg7 Rf3 {Funnily, this rook lived to tell its story. And snatch a few more pawns.} 26.Rxg6 Rxf4 27.Rg1 Rxe4 28.R6xg4 Rxg4 29.Rxg4 {This is it. The ultimate result of the sharp Dragon. A sharp rook endgame.} 29...f5 {Betting on the passer. It is always a huge trump in these endgames.} ( {Nakamura could show activity with} 29...Kf5 30.Rg1 Rh8 31.Rh1 Kg4 {as well.} ) 30.Ra4 Rg8 31.b3 Rg4 32.Rxa7 f4 $1 {The passer will cost White the rook at the end. This is why Black coordinates the efforts of his pieces to run it as smooth as possible.} ( 32...Rxh4 {might not be losing but is not the right way.} ) 33.Kc1 f3 34.Kd2 Rxh4 ( {The rook could have cut the white king as well:} 34...Re4 {After a possible} 35.Ra4 Re2+ 36.Kd1 Kf5 37.Ra7 Kg4 {it is not even clear who is playing for a win. Therefore, the logic is that the point should be split equally... Say} 38.h5 ( {Worse is} 38.Rf7 Kg3 ) 38...Kxh5 39.Rf7 Kg4 40.a4 Re5 41.b4 Kg3 42.Kd2 Kg2 43.a5 f2 44.a6 f1=Q 45.Rxf1 Kxf1 46.c4 Re7 47.b5 cxb5 48.cxb5 Re2+ 49.Kc3 Ra2 50.Kb4 Ke2 51.Kc5 Kd3 52.b6 Ra5+ $1 53.Kc6 Rxa6 54.Kc7 ) 35.Ra8 Rh2+ 36.Kd3 ( {Or} 36.Ke3 Rxc2 37.Kxf3 c5 38.Ke4 Rd2 {with the same result as in the game.} ) 36...Kf5 37.a4 {MVL tries to advance the pawns as far as possible before sacrificing the rook.} 37...Kg4 38.a5 Rh1 39.Rg8+ ( {If the king comes to stop the pawn with} 39.Ke3 Re1+ 40.Kf2 Re2+ 41.Kf1 Rxc2 {then it will have to soon abandon the windy position to avoid the perpetual:} 42.a6 Rc1+ 43.Kf2 Rc2+ 44.Ke3 Re2+ 45.Kd4 Rd2+ 46.Kc5 Rd5+ 47.Kb6 ( {White has to be careful:} 47.Kxc6 $2 f2 48.Rf8 Rf5 49.Rxf5 Kxf5 50.a7 f1=Q 51.a8=Q Qf3+ ) 47...f2 48.Rf8 Rf5 49.Rxf5 Kxf5 50.a7 f1=Q 51.a8=Q {and a draw in the queen endgame.} ) 39...Kf4 40.Rf8+ Kg3 41.Rg8+ Kf4 42.Rf8+ Kg3 43.b4 {The last try.} 43...f2 44.Kd4 f1=Q 45.Rxf1 Rxf1 46.Kc5 Rc1 47.Kxc6 {The draw was agreed because of the line:} ( 47.Kxc6 Rxc2+ 48.Kb6 Kf3 49.a6 Ke4 50.b5 Kd5 51.a7 Ra2 52.Kb7 Kc5 53.b6 Ra1 54.a8=Q Rxa8 55.Kxa8 Kxb6 ) 1/2-1/2

[Event "Chess Classic"]
[Site "London"]
[Date "2017.12.04"]
[Round "3.3"]
[White "Aronian, Levon"]
[Black "Karjakin, Sergey"]
[Result "1/2-1/2"]
[WhiteElo "2805"]
[BlackElo "2760"]
[EventDate "2017.??.??"]
[Annotator "Bojkov,Dejan"]
[PlyCount "65"]
[Beauty "6533719005708"]
[EventType "team-tourn"]
[EventCountry "CAN"]

1.d4 Nf6 2.c4 e6 3.g3 Bb4+ {A nasty little check. It invites White to choose between the Romanishin Nimzo-Indian after 4.Nc3 or put something on d2, which interferes with his future plans.} 4.Bd2 Be7 5.Bg2 d5 6.Nf3 O-O 7.O-O Nbd7 8.Na3 {Aronian follows... himself.} ( {One of the drawbacks behind the bishop position on c3 is that it can be easily attacked. This is what happened in a recent game by Carlsen:} 8.Bc3 b6 9.cxd5 Nxd5 10.e4 Nxc3 11.Nxc3 Bb7 {and Black was doing well, Ding,L (2774)-Carlsen,M (2837) Saint Louis 2017} ) ( {Another advantageous point behind the position of the bishop on d2 is seen in case of the normal development with} 8.Nc3 {Black simply captures the pawn} 8...dxc4 {as there is no Nf3-d2xc4 maneuver. Nakamura risked though against Adams at the World Cup in Baku 2015 and won the game, but it is evident that after} 9.e4 c5 10.Bf4 Nb6 11.a4 cxd4 12.Nxd4 Bc5 $1 {as Adams played, things were going into Black's favor.} ) ( {Therefore the main move is} 8.Qc2 ) 8...c6 9.Rc1 Ne4 10.Be3 f5 $146 {Technically speaking a novelty, but the Stonewall formation is very common for this line.} ( {In Wijk aan Zee earlier this year the Armenian GM won a spectacular positional game after} 10...Bxa3 11.bxa3 Nd6 12.c5 Nc4 13.Rxc4 dxc4 14.Qc2 {Aronian,L (2780)-Giri,A (2773) Wijk aan Zee 2017} ) 11.Rc2 {Now both sides start to regroup and prepare or prevent the play of the opponent on "their" flank.} 11...a5 {Stops the queenside expansion in advance.} ( 11...Bf6 12.b4 ) 12.Qc1 {The queen takes under control the vital f4 square and is ready to work along the c-file.} 12...Bf6 13.Rd1 g5 14.Nb1 {The knight appeared to do nothing on a3; it has to be repositioned.} 14...Rf7 15.Nc3 Rg7 {Karjakin is ready for some kingside action.} 16.Ne1 {An inaccuracy.} ( {The preliminary} 16.Nxe4 $1 {was better and only after} 16...fxe4 ( 16...dxe4 {allows} 17.Ne5 $1 ) 17.Ne1 {followed by f2-f3 to undermine the center. White would be slightly better in that case.} ) 16...Nd6 $1 {A very annoying knight!} 17.b3 $1 {Aronian sacrifices a pawn.} ( {After} 17.c5 Nc4 {the important dark-squared bishop will be traded for the knight. True, there is the interesting idea} 18.Bxg5 Bxg5 19.f4 Bf6 20.b3 {trapping it, but one can hardly believe that White would be any better in this case.} ) 17...dxc4 18.Na4 cxb3 19.axb3 Nb5 ( {Karjakin has to be careful in order not to allow too many white pieces freedom. For example} 19...Nf8 20.Nf3 h6 21.Ne5 ) 20.Nd3 {Another pawn is offered!} 20...Qe8 {This time rejected.} ( {After} 20...Nxd4 21.Bxd4 Bxd4 {The pin along the d-file gives time to the white pieces to occupy dominating positions:} 22.e3 ( 22.Rcd2 $5 ) 22...Bf6 23.Ndc5 Qe8 24.Rcd2 Nxc5 25.Nxc5 {with nice compensation for the pawns.} ( {Or} 25.Qxc5 ) ) 21.Ne5 {The knight did it to e5 outpost anyway.} 21...f4 $1 {But Karjakin shows that he knows other ways to defend too. Active ones.} ( {Worse was} 21...Nxe5 22.dxe5 Bxe5 23.Bxg5 ) ( {And simply bad} 21...Bxe5 22.dxe5 Nxe5 23.Rcd2 Nd7 24.Bxg5 $1 Rxg5 25.Rxd7 {and White wins.} ) 22.gxf4 gxf4 23.Bxf4 Nxd4 {The main point behind Black's sacrifice. Although the open g-file for his heavy pieces would not hurt neither.} 24.Rxd4 ( {Not} 24.Nxd7 $2 Bxd7 ) 24...Nxe5 25.Rd1 {The retreat is the best decision at the moment. The rook is too vulnerable.} ( 25.Rcd2 $2 {does not work as the back rank is defended and Black can go for example} 25...Ng6 ) ( {More interesting is} 25.Nb6 {when Black has the interesting tactical blow} 25...Nf3+ ( {Probably even better is the retreat} 25...Nd7 26.Rxd7 ( 26.Nxa8 $2 {leads to an edge for Black after} 26...Bxd4 ) 26...Bxd7 27.Nxa8 Qxa8 28.Rd2 Qe8 {when Black keeps the extra pawn.} ) 26.exf3 Bxd4 27.Nxa8 e5 $1 {Attacking the bishop and preparing Bc8-h3. After} 28.Re2 Bh3 29.Bg3 Bxg2 30.Kxg2 Qxa8 {The position is roughly balanced.} ) 25...Qg6 26.Bg3 h5 {Thanks to his excellent defense Karjakin developed almost all of his pieces and keeps white bishops busy on the kingside. Still, the open d-file and the activity provide Aronian enough for the pawn.} 27.Nb6 Rb8 28.Rcd2 Nf7 {Another excellent defensive move.} ( {The careless} 28...h4 {would give Aronian what he wants and} 29.Rd8+ Bxd8 30.Rxd8+ Kh7 31.Nxc8 hxg3 32.hxg3 Qf6 33.Be4+ Ng6 34.Qd1 {with the threat e2-e3 followed by Qd1-h5 would provide White excellent attacking possibilities.} ) 29.Qc5 {Aronian is still optimistic about his position.He plans to trap the black rook on b8.} ( {The endgame after} 29.Qc2 Qxc2 30.Rxc2 e5 31.Nxc8 ( 31.Ra2 $2 h4 ) ( 31.h4 Bf5 32.Ra2 Be7 ) 31...Rxc8 32.h4 {was the alternative when the bishop pair is once again providing enough compensation for the pawn.} ) ( {Even better was} 29.Qb1 Qxb1 30.Rxb1 e5 31.h4 Bf5 {due to the nuance} 32.Ra1 Be7 33.Nc4 {at least according to the computer.} ) 29...e5 ( {Operation trapping would be accomplished after} 29...h4 30.Qxa5 hxg3 31.hxg3 {with the idea Qa5-a7 and if} 31...Be5 $2 32.Rd8+ ) 30.Qc4 ( {Here} 30.Qxa5 {does not work because of} 30...Bf5 31.Qa7 Rf8 {and Black is ready to start decisive counter-attack.} ) 30...Kh8 {Now h5-h4 is a threat.} ( {Otherwise the bishop on c8 may suffer-} 30...Bf5 31.e4 Bg4 32.f3 Bc8 33.Nxc8 ( {But not} 33.Rd8+ $2 Bxd8 34.Rxd8+ Kh7 35.Rxc8 Rxc8 36.Nxc8 h4 {when Black takes over.} ) 33...Rxc8 34.Bh3 Rf8 35.Kh1 $1 {and White dominates on the light squares.} ) ( {Also} 30...h4 {loses to} 31.Rd8+ $1 Bxd8 32.Rxd8+ Kh7 33.Qxh4+ Nh6 34.Nxc8 ) 31.h4 Bf5 32.Nd7 Rbg8 33.Kh1 $2 {A mistake in time-trouble, which was accompanied with a draw offer. And Karjakin accepted it!} ( {White should have taken the bishop when he could} 33.Nxf6 Qxf6 34.Qc5 {still keeping the compensation.} ) ( 33.Kh1 {Black on his turn did not realize that the situation has changed and that after} 33...Be7 $1 {He has the initiative. The threat is to kick the queen away from the fourth rank and grab the h4 pawn. Or even the b3 pawn in some lines. Black has clear edge as the lines prove it:} 34.e3 ( {Or} 34.Qc3 Bxh4 35.Nxe5 Nxe5 36.Rd6 Qg5 37.Qxe5 Bxg3 38.fxg3 Bc2 ) ( {If} 34.e4 Bxd7 35.Rxd7 Bxh4 $1 ) 34...Be6 35.Qf1 ( 35.Qc3 Bb4 ( 35...Bxh4 ) ) 35...Bxb3 {All in all, after a great defense Karjakin could had taken more than just half a point!} ) 1/2-1/2

[Event "Chess Classic"]
[Site "London"]
[Date "2017.12.05"]
[Round "4.3"]
[White "Karjakin, Sergey"]
[Black "Caruana, Fabiano"]
[Result "0-1"]
[WhiteElo "2760"]
[BlackElo "2799"]
[EventDate "2017.??.??"]
[Annotator "Bojkov,Dejan"]
[PlyCount "84"]
[Beauty "7492704702500"]
[EventType "team-tourn"]
[EventCountry "CAN"]

1.e4 c5 {Some years ago it was considered suicidal to try the Sicilian against Karjakin. But Caruana is not afraid as he had done his homework carefully [for two days in a row as he was planning to play this line against Nepomniachtchi! - PD].} 2.Nf3 e6 3.d4 cxd4 4.Nxd4 Nc6 5.Nc3 Qc7 6.Be3 a6 7.Qf3 {A fashionable reply against the Taimanov. But later Karjakin regretted on his opening choice and said that "any other line would have been the better choice. "} ( {The main lines remain} 7.Bd3 b5 8.O-O Bb7 9.Re1 Nf6 10.Nxc6 Qxc6 11.Bd4 {as in Carlsen,M (2832)-Grischuk,A (2750) Chess.com Speed Chess Championship 2017} ) ( {Or} 7.Qd2 {as Caruana played himself in the following online game in the Chess.com PRO Chess League:} 7...Nf6 8.O-O-O Be7 9.f3 b5 10.g4 Nxd4 11.Bxd4 Bb7 12.Kb1 {Caruana,F (2817) -Pichot,A (2556) chess.com INT 2017} ) 7...Ne5 8.Qg3 b5 9.O-O-O Nf6 10.f4 Neg4 {The knights seem ridiculously placed but somehow manage to limit the opponent's bishops and queen.} 11.Bg1 h5 12.e5 ( {Nobody has ever tried} 12.h3 {although it might be more interesting that it seems at a glance:} 12...b4 13.Nd5 $5 ) 12...b4 {Everything is coming in time. If Black retreats, he will get destroyed.} 13.Na4 Nd5 14.Nb3 Bb7 15.Nac5 Bc6 $146 ( {A predecessor saw} 15...Rc8 16.Bd3 a5 17.Kb1 Bc6 18.Na6 Qd8 19.Nd4 {with some edge for White, Nepomniachtchi,I (2714)-Wang,Y (2720) Beijing 2014} ) 16.Ne4 {"I was on my own here" (Caruana)} ( 16.h3 {simply pushes the knight to a better position.} 16...Nh6 ) ( 16.Nxa6 $6 {is dubious due to} 16...Qc8 17.Nbc5 d6 $1 18.exd6 Bxd6 {when as awkward as it may seem there is no way to stop the obvious threat of Bd6xf4.} ) ( {Ditto for} 16.Bxa6 $2 d6 $1 17.exd6 Bxd6 ) ( {In case of} 16.Kb1 {Black will simply push the pawn} 16...a5 {with a good game. But perhaps this was White's best option.} ( 16...Nh6 $5 {also deserves serious consideration.} ) ) 16...f5 $1 {"It seems as White wasted so much time that I should be doing great" (Caruana)} 17.h3 {This is dubious.} ( {White loses a pawn after} 17.exf6 gxf6 18.h3 Qxf4+ 19.Qxf4 Nxf4 {But after} 20.Re1 f5 21.hxg4 Bxe4 22.gxf5 Bxf5 23.g3 {things are not that clear.} ) 17...h4 {"I knew I was worse but I thought I can get some compensation. But I spoiled everything very quickly." (Karjakin)} ( 17...fxe4 18.hxg4 ) 18.Qe1 fxe4 19.hxg4 Nxf4 20.Rxh4 Rxh4 21.Qxh4 Qxe5 22.Bd4 Ng6 {Another precise move.} ( 22...Qc7 {would give White a chance to take over the initiative with} 23.g3 Nd5 24.Qh5+ {and keep the enemy king in the center.} ) 23.Qh3 ( {Black would be definitely happy with the endgame after} 23.Qh5 Qxh5 24.gxh5 Nf4 25.g4 g6 ) 23...Qg5+ {The opening turned out to be huge success for Caruana. He is up a pawn, owes a solid center and as a compensation has way more time on the clock.} 24.Kb1 Bd5 25.Bg1 ( 25.Be3 $5 ) 25...Be7 26.g3 Ne5 27.Be2 Nf3 28.Bxf3 exf3 {With the disappearance of the light-squared bishop Black's advantage became decisive.} 29.Bd4 Kf7 {The king is well placed behind his pawns.} 30.Nc1 d6 31.Nd3 e5 {Deprives the white pieces from the good squares.} 32.Bf2 Be6 33.Nxb4 e4 34.Qh1 Rc8 {The same limitation policy. The knight is in danger.} ( 34...a5 35.Nc6 ) 35.Nxa6 Qa5 36.Qh5+ Qxh5 37.gxh5 Bg5 38.Re1 Bc4 39.Nb4 Re8 {No need to hurry, the pawns are unstopabble.} ( 39...e3 40.Bxe3 Re8 41.Bf2 Rxe1+ 42.Bxe1 Bd2 $1 {would be flashier.} ) 40.Re3 Bxe3 41.Bxe3 Re5 42.g4 Rg5 0-1